000 00566nam a22001695i 4500
001 48494
003 ES-MaACL
005 20230906161748.0
007 t|
008 950721s1839 be ||||1| fre d
040 _aCAM
_bspa
_cCAM
100 1 _aDelepierre, Octave (
_d1802-1879)
_943368
245 1 0 _aChronique des faits et gestes admirables de Maximilien I durant son mariage avec Marie de Bourgogne... /
_cpar Octave Delepierre...
260 _aBruxelles :
_bSocieté typographique belge,
_c1839.
300 _aXI, 480 p. ;
_c20 cm.
852 _aES-MaACL
_jC-2243
999 _c48494
_d48494